Mahamanav: dr. Bhimrav Ramji Ambedkar (Record no. 139581)

MARC details
000 -LEADER
fixed length control field 00868nam a2200265Ia 4500
003 - CONTROL NUMBER IDENTIFIER
control field OSt
005 - DATE AND TIME OF LATEST TRANSACTION
control field 20260409163946.0
008 - FIXED-LENGTH DATA ELEMENTS--GENERAL INFORMATION
fixed length control field 210210b2009 xxu||||| |||| 00| 0 eng d
020 ## - INTERNATIONAL STANDARD BOOK NUMBER
International Standard Book Number 9788190832007
040 ## - CATALOGING SOURCE
Transcribing agency AL
041 ## - LANGUAGE CODE
Language code of text/sound track or separate title Hindi
082 ## - DEWEY DECIMAL CLASSIFICATION NUMBER
Classification number H891.8 GAYM
100 ## - MAIN ENTRY--PERSONAL NAME
Personal name GAYAKVAD (Jnanraj Kashinat) Psued Rajvansh
Dates associated with a name गायकवाड (ज्ञानराज काशीनत)/ राजवंश
9 (RLIN) 261225
245 ## - TITLE STATEMENT
Title Mahamanav: dr. Bhimrav Ramji Ambedkar
Remainder of title महामानव डॉ. भीमराव रामजी अम्बेडकर
260 ## - PUBLICATION, DISTRIBUTION, ETC.
Place of publication, distribution, etc. Kanpur
Name of publisher, distributor, etc. Aman Prakashan
Date of publication, distribution, etc. 2009
300 ## - PHYSICAL DESCRIPTION
Extent 397
650 ## - SUBJECT ADDED ENTRY--TOPICAL TERM
Topical term or geographic name entry element Ramji
9 (RLIN) 261226
650 ## - SUBJECT ADDED ENTRY--TOPICAL TERM
Topical term or geographic name entry element Mahamanav:
9 (RLIN) 261227
650 ## - SUBJECT ADDED ENTRY--TOPICAL TERM
Topical term or geographic name entry element da
9 (RLIN) 261228
650 ## - SUBJECT ADDED ENTRY--TOPICAL TERM
Topical term or geographic name entry element Bhimrav
9 (RLIN) 261229
650 ## - SUBJECT ADDED ENTRY--TOPICAL TERM
Topical term or geographic name entry element Ambedkar
9 (RLIN) 261230
690 ## - LOCAL SUBJECT ADDED ENTRY--TOPICAL TERM (OCLC, RLIN)
Topical term or geographic name as entry element Hindi Miscellaneous
9 (RLIN) 261231
906 ## - LOCAL DATA ELEMENT F, LDF (RLIN)
a 064011
942 ## - ADDED ENTRY ELEMENTS (KOHA)
Source of classification or shelving scheme Dewey Decimal Classification
Koha item type Book
Holdings
Withdrawn status Lost status Source of classification or shelving scheme Damaged status Not for loan Collection code Home library Current library Shelving location Date acquired Source of acquisition Cost, normal purchase price Total Checkouts Full call number Barcode Date last seen Price effective from Koha item type
    Dewey Decimal Classification     Hindi St Aloysius Library St Aloysius Library   02/17/2021 Alka Prakashan Kanpur-208007 500.00   H891.8 GAYM 064011 02/17/2021 02/17/2021 Book